[Event "AUTO-INT-2113"]
[Site "http://www.queenalice.com/game.php?id=971717"]
[Date "2011.8.12"]
[Round "1"]
[White "nick_sallo"]
[Black "jld"]
[Result "1-0"]
[WhiteElo "1735"]
[BlackElo "1509"]

1. e4 c5 2. Bc4 e6 3. c3 d5 4. exd5 exd5 5. Qa4+ Qd7 6. Bb5 Nc6 7. Bxc6 Qxc6 8.
Qxc6+ bxc6 9. Nf3 c4 10. O-O Bg4 11. Ne5 Bd7 12. Re1 O-O-O 13. Nxf7 Re8 14.
Rxe8+ Bxe8 15. Nxh8 g5 16. d4 cxd3 17. Bxg5 Bg7 18. Nd2 Bxh8 19. Rd1 Bh5 20. f3
Bg6 21. Nb3 h6 22. Be3 a6 23. Nc5 a5 24. Nxd3 h5 25. Bd4 Bxd4+ 26. cxd4 Ne7 27.
Nf4 Bc2 28. Rc1 Bd3 29. Nxd3 1-0

[Event "AUTO-INT-2113"]
[Site "http://www.queenalice.com/game.php?id=971718"]
[Date "2011.8.12"]
[Round "1"]
[White "jld"]
[Black "nick_sallo"]
[Result "1-0"]
[WhiteElo "1483"]
[BlackElo "1742"]

1. d4 d5 2. c4 Nf6 3. cxd5 Nxd5 4. e4 Nf6 5. e5 Ng4 6. h3 Nh6 7. Nc3 c6 8. g4 e6
9. Nf3 Bb4 10. Bd3 Nd7 11. a3 Bxc3+ 12. bxc3 c5 13. O-O cxd4 14. cxd4 Nb6 15.
Ng5 Qxd4 16. Rb1 Qxe5 17. Re1 Qd5 18. Qd2 f6 19. Bb2 fxg5 20. Bxg7 Rg8 21. Re5
Nc4 22. Bg6+ Kd7 23. Rxd5+ Kc7 24. Rc5+ Kb8 25. Be5+ Nxe5 26. Qd6# 1-0

[Event "AUTO-INT-2113"]
[Site "http://www.queenalice.com/game.php?id=971725"]
[Date "2011.8.12"]
[Round "1"]
[White "jld"]
[Black "jesieljr"]
[Result "0-1"]
[WhiteElo "1531"]
[BlackElo "1501"]

1. d4 d5 2. c4 Nf6 3. cxd5 Nxd5 4. Nf3 Bg4 5. Qb3 g6 6. Nc3 c6 7. e4 Bxf3 8.
gxf3 Nxc3 9. bxc3 Bg7 10. Qxb7 Nd7 11. Qxc6 Rc8 12. Qa6 Rxc3 13. e5 Rxf3 14. Rb1
O-O 15. Qxa7 Qa8 16. Qxd7 Qxa2 17. Rb2 Qa1 18. Qc7 Qa4 19. Be2 Rf5 20. Qc4 Qa5+
21. Bd2 Qa1+ 22. Qc1 Qa4 23. Bd1 Qxd4 24. Be3 Qxe5 25. Be2 Qa5+ 26. Kf1 Qa8 27.
Bd3 Qxh1+ 28. Ke2 Qf3+ 29. Kd2 Bxb2 30. Qxb2 Rh5 31. Be2 Qd5+ 32. Qd4 Qa5+ 33.
Kd3 Rd8 0-1

[Event "AUTO-INT-2113"]
[Site "http://www.queenalice.com/game.php?id=971726"]
[Date "2011.8.12"]
[Round "1"]
[White "jesieljr"]
[Black "jld"]
[Result "0-1"]
[WhiteElo "1555"]
[BlackElo "1513"]

1. e4 c5 2. Bc4 e6 3. e5 Nc6 4. Nf3 f6 5. exf6 gxf6 6. b3 d5 7. Bb5 Bd7 8. Nc3
d4 9. Ne4 f5 10. Neg5 Bg7 11. Bb2 h6 12. Bxc6 hxg5 13. Bxb7 Rb8 14. Ba6 Bc6 15.
Ba3 g4 16. Ng1 Bxg2 17. Bxc5 Qa5 18. Bxa7 Ra8 19. Qe2 Rxa7 20. Qxe6+ Re7 21.
Qxe7+ Nxe7 22. Bc4 Bxh1 23. Ke2 d3+ 24. Bxd3 Bxa1 25. c3 Qxa2 0-1

[Event "Challenge"]
[Site "http://www.queenalice.com/game.php?id=979327"]
[Date "2011.8.31"]
[Round "-"]
[White "jld"]
[Black "rsiqueira"]
[Result "1-0"]
[WhiteElo "1531"]
[BlackElo "1529"]

1. d4 d5 2. c4 dxc4 3. e3 b5 4. a4 Qd5 5. Nc3 Qd7 6. axb5 e6 7. Bxc4 Nf6 8. Qf3
c6 9. e4 Qxd4 10. Bd3 Bb4 11. Ne2 Qc5 12. bxc6 Nxc6 13. e5 Nd5 14. Bd2 Nxe5 15.
Bb5+ Qxb5 16. Nxb5 Bxd2+ 17. Kxd2 Nxf3+ 18. gxf3 O-O 19. Nec3 Rd8 20. Kc2 a6 21.
Rhd1 Bb7 22. Nd4 Rac8 23. Ne2 Ne3+ 24. fxe3 1-0

[Event "AUTO-INT-2145"]
[Site "http://www.queenalice.com/game.php?id=985901"]
[Date "2011.9.16"]
[Round "1"]
[White "jld"]
[Black "jajerduco"]
[Result "0-1"]
[WhiteElo "1565"]
[BlackElo "1770"]

1. d4 c5 2. d5 e6 3. e4 e5 4. f4 f6 5. Qg4 d6 6. Qh5+ g6 7. Qh4 Be7 8. Qf2 Qa5+
9. Bd2 Qb6 10. a4 Qxb2 11. Bb5+ Bd7 12. Bxd7+ Nxd7 13. Bc3 Qc1+ 14. Ke2 Qxc2+
15. Kf1 Qxe4 16. fxe5 dxe5 17. Qf3 Qc4+ 18. Ne2 Bd6 19. Nd2 Qh4 20. g3 Qh3+ 21.
Qg2 Qxg2+ 22. Kxg2 Ne7 23. Nb3 Nxd5 24. Na5 Ne3+ 25. Kf3 Nc2 26. Rac1 e4+ 27.
Kxe4 f5+ 28. Kf3 Ne5+ 29. Kf2 Nd3+ 30. Kg2 Ne3+ 31. Kf3 Nxc1 32. Rxc1 O-O 33.
Kxe3 Rfe8+ 34. Kf2 Rab8 35. Nf4 Bc7 36. Rd1 Bxa5 37. Bxa5 b6 38. Bc3 a6 39. Nd5
Kf7 40. Nc7 Re7 41. Nd5 Rd7 42. Be5 Ke6 43. Nc7+ Kxe5 44. Rxd7 a5 45. Rxh7 c4
46. Nb5 Kd5 47. h4 Kc5 48. Rh6 Kb4 49. Nd6 c3 50. Ke2 Kb3 51. Kd1 Rd8 52. Kc1
Rxd6 53. h5 Rd2 54. hxg6 Rg2 55. Rh3 Rg1# 0-1

[Event "AUTO-INT-2145"]
[Site "http://www.queenalice.com/game.php?id=985902"]
[Date "2011.9.16"]
[Round "1"]
[White "jajerduco"]
[Black "jld"]
[Result "0-1"]
[WhiteElo "1670"]
[BlackElo "1574"]

1. b4 d5 2. Bb2 Nc6 3. a3 e5 4. b5 Nd4 5. Bxd4 exd4 6. d3 Qd7 7. a4 g6 8. Nf3
Bg7 9. g3 f5 10. Bg2 a6 11. O-O axb5 12. a5 b6 13. Ng5 bxa5 14. Nd2 a4 15. Nb1
b4 16. Nd2 c5 17. f4 h6 18. Ngf3 Ne7 19. Rf2 Nc6 20. h3 Na5 21. c3 dxc3 22. Qxa4
cxd2 23. Qxd7+ Bxd7 24. Rd1 Bc3 25. Nxd2 Ba4 26. Bxd5 Bxd1 27. Bxa8 Bxd2 28. e4
Be3 29. Kf1 Bxf2 30. Kxf2 b3 31. Ke1 b2 32. Kxd1 b1=Q+ 33. Ke2 Ke7 34. Kf3 Rxa8
35. e5 Qd1+ 36. Kg2 Qxd3 37. h4 Qe2+ 38. Kg1 Nc4 39. Kh1 Ra1# 0-1

[Event "AUTO-INT-2145"]
[Site "http://www.queenalice.com/game.php?id=985903"]
[Date "2011.9.16"]
[Round "1"]
[White "jld"]
[Black "Eletromecanico"]
[Result "0-1"]
[WhiteElo "1549"]
[BlackElo "2033"]

1. e4 c5 2. c3 e6 3. d4 d5 4. exd5 exd5 5. Nf3 Nf6 6. g3 Nc6 7. dxc5 Bxc5 8. Bg2
O-O 9. O-O Qb6 10. Qc2 Ne4 11. Be3 Bxe3 12. fxe3 Qxe3+ 13. Kh1 Qh6 14. Kg1 Ne7
15. Nbd2 Qe3+ 16. Kh1 Nf2+ 17. Kg1 Ng4+ 18. Kh1 Bf5 19. Qb3 Be6 20. Qxb7 Nf5 21.
Rae1 Qh6 22. Re2 Nxg3+ 0-1

[Event "AUTO-INT-2145"]
[Site "http://www.queenalice.com/game.php?id=985904"]
[Date "2011.9.16"]
[Round "1"]
[White "Eletromecanico"]
[Black "jld"]
[Result "1-0"]
[WhiteElo "2040"]
[BlackElo "1549"]

1. d4 d5 2. c4 c6 3. cxd5 cxd5 4. Nf3 e6 5. Bf4 g5 6. Bxg5 f6 7. Bh4 Bg7 8. Nc3
Qb6 9. Qc2 e5 10. Nxd5 Qc6 11. Qxc6+ bxc6 12. Nc7+ Kd8 13. Nxa8 Bb7 14. dxe5
Bxa8 15. e3 Kc8 16. exf6 Nxf6 17. Bd3 Nd5 18. O-O Nb4 19. Bf5+ Nd7 20. Rfd1 Bxb2
21. Bxd7+ Kc7 22. Rab1 Ba3 23. Bg3+ Kb6 24. Rb3 c5 25. Rxa3 Nc2 26. Rb3+ Nb4 27.
a3 1-0

[Event "AUTO-INT-2145"]
[Site "http://www.queenalice.com/game.php?id=985905"]
[Date "2011.9.16"]
[Round "1"]
[White "jld"]
[Black "gipmachado"]
[Result "0-1"]
[WhiteElo "1586"]
[BlackElo "1697"]

1. d4 Nf6 2. c4 c5 3. d5 b5 4. cxb5 a6 5. e3 g6 6. b3 axb5 7. Bxb5 Bg7 8. Bb2
O-O 9. f3 d6 10. e4 Ba6 11. Bc4 Nbd7 12. Nd2 Nb6 13. Bxa6 Rxa6 14. g4 Qc7 15.
Nc4 Nxc4 16. bxc4 Rb8 17. Bc3 Rba8 18. g5 Nh5 19. Bxg7 Kxg7 20. Qd2 Qa7 21. Ne2
Rxa2 22. Rxa2 Qxa2 23. Qc3+ Kg8 24. Kf2 Ra3 25. Qc1 Qb3 26. Qd2 Qxf3+ 27. Kg1
Re3 28. Nc1 Nf4 29. h4 Re2 30. Nxe2 Qg2# 0-1

[Event "AUTO-INT-2145"]
[Site "http://www.queenalice.com/game.php?id=985906"]
[Date "2011.9.16"]
[Round "1"]
[White "gipmachado"]
[Black "jld"]
[Result "1-0"]
[WhiteElo "1709"]
[BlackElo "1594"]

1. e4 c5 2. Nf3 d6 3. d4 cxd4 4. Nxd4 e5 5. Nf3 f5 6. Nc3 fxe4 7. Nxe4 Nf6 8.
Nxf6+ gxf6 9. Bc4 Bg7 10. O-O a6 11. Be3 Bf5 12. Qd5 Qd7 13. Qd2 b5 14. Bd5 Nc6
15. Rad1 O-O-O 16. Bb6 Rdg8 17. Bxg8 Rxg8 18. Qxd6 Qxd6 19. Rxd6 Nb4 20. c3 Nd3
21. Nh4 Kb7 22. Nxf5 Bf8 23. Rxd3 Kxb6 24. Rd7 Rg5 25. Ne3 f5 26. Rxh7 f4 27.
Nd5+ Ka5 28. Re1 Bd6 29. h4 Rg4 30. h5 Rh4 31. Nf6 Bc7 32. Rxc7 1-0

[Event "AUTO-INT-2168"]
[Site "http://www.queenalice.com/game.php?id=997082"]
[Date "2011.10.13"]
[Round "1"]
[White "jld"]
[Black "JeanRezende"]
[Result "1-0"]
[WhiteElo "1554"]
[BlackElo "1437"]

1. d4 d5 2. c4 dxc4 3. e3 g6 4. Bxc4 Bg7 5. Nc3 e6 6. f4 Qd6 7. Nf3 Nf6 8. h3
Nc6 9. a3 Na5 10. Nb5 Qc6 11. Ne5 Qb6 12. Bd2 c6 13. Bxa5 Qxa5+ 14. b4 Qb6 15.
Nd6+ Kd8 16. Nexf7+ Ke7 17. Nxh8 Bxh8 18. Nxc8+ Rxc8 19. Qe2 Ne4 20. Qg4 Kd7 21.
Bxe6+ Kc7 22. Bxc8 c5 23. Qd7+ Kb8 24. Qe8 Bf6 25. dxc5 Qc7 26. Bg4+ Qd8 27.
Qxe4 Bxa1 28. Kf2 Bb2 29. f5 Qh4+ 30. g3 Qg5 31. fxg6 hxg6 32. Qe8+ Kc7 33. Qc8#
1-0

[Event "AUTO-INT-2168"]
[Site "http://www.queenalice.com/game.php?id=997095"]
[Date "2011.10.13"]
[Round "1"]
[White "FranzMeM"]
[Black "jld"]
[Result "0-1"]
[WhiteElo "1541"]
[BlackElo "1577"]

1. e4 c5 2. Nf3 Nc6 3. Bc4 e6 4. O-O a6 5. d4 cxd4 6. Nxd4 Ne5 7. Be2 b5 8. a3
Bb7 9. Nc3 Nf6 10. h3 Nxe4 11. Nxe4 Bxe4 12. Bf4 Nc4 13. Bxc4 bxc4 14. Be5 f6
15. f3 fxe5 16. fxe4 exd4 17. Qxd4 Rb8 18. e5 Qb6 19. Qxb6 Rxb6 20. Rfb1 Bc5+
21. Kh1 Bd4 22. c3 Bxe5 23. Ra2 Bxc3 24. a4 d5 25. a5 Rb3 26. g4 e5 27. Kg2 Rf8
28. h4 e4 29. Rd1 e3 30. bxc3 Rxc3 31. Re2 Rf4 32. Kg3 Rd3 33. Kxf4 Rxd1 34.
Rxe3+ Kf8 35. Rc3 Ra1 36. Ke5 Rxa5 37. h5 Rb5 38. g5 a5 39. Kd6 a4 40. Kc6 Rb3
41. Rc2 d4 42. Kc5 d3 43. Rxc4 a3 44. Rf4+ Kg8 45. Kc4 a2 46. Kxb3 a1=Q 47. Rf2
Qe1 48. Rf5 d2 49. Rc5 d1=Q+ 0-1

[Event "AUTO-INT-2168"]
[Site "http://www.queenalice.com/game.php?id=997096"]
[Date "2011.10.13"]
[Round "1"]
[White "jld"]
[Black "FranzMeM"]
[Result "1-0"]
[WhiteElo "1592"]
[BlackElo "1526"]

1. d4 d5 2. c4 dxc4 3. e4 b5 4. a4 bxa4 5. Bxc4 Bd7 6. e5 a6 7. Nc3 e6 8. Nxa4
Bb4+ 9. Bd2 Bxd2+ 10. Qxd2 Ne7 11. f4 O-O 12. Nf3 Bxa4 13. Rxa4 c6 14. O-O h6
15. Rfa1 Qc8 16. Qd3 Rd8 17. Bxa6 Nxa6 18. Rxa6 Rxa6 19. Rxa6 Nd5 20. Qc4 Nxf4
21. Rxc6 Qb7 22. b4 Nd5 23. b5 Ne3 24. Qc5 Rd5 25. Rc8+ Kh7 26. Qc6 Qxc6 27.
bxc6 Nc4 28. c7 Nb6 29. Rd8 Ra5 30. c8=Q Nxc8 31. Rxc8 f6 32. Rc5 Ra7 33. g4 Rf7
34. Kg2 fxe5 35. Nxe5 Rf4 36. Rc4 Kg8 37. Kg3 Re4 38. h4 Kh7 39. Kf3 Re1 40. Nd7
Rf1+ 41. Kg3 Rf7 42. Nc5 Rc7 43. Rb4 Rc6 44. Kf4 Kg6 45. Ke5 h5 46. gxh5+ Kxh5
47. Nxe6 g6 48. d5 Rc1 49. d6 Re1+ 50. Kf6 Rf1+ 51. Ke7 Rf5 52. d7 Rd5 53. Rb5
1-0

[Event "AUTO-INT-2168"]
[Site "http://www.queenalice.com/game.php?id=997103"]
[Date "2011.10.13"]
[Round "1"]
[White "tche_elvio"]
[Black "jld"]
[Result "0-1"]
[WhiteElo "1523"]
[BlackElo "1556"]

1. e4 c5 2. d4 cxd4 3. Bd3 d5 4. f3 dxe4 5. Bxe4 f5 6. Bd3 e5 7. Ne2 a6 8. Bg5
Qxg5 9. O-O b5 10. Ng3 f4 11. Ne4 Qh6 12. c3 Nc6 13. Nbd2 g5 14. Nb3 Nf6 15.
Nbc5 Na5 16. Nxf6+ Qxf6 17. cxd4 exd4 18. b3 Bxc5 19. Qe2+ Qe6 20. Rfe1 Qxe2 21.
Rxe2+ Kf7 22. Re5 Be7 23. Rc1 Bd7 24. Rd5 Be6 25. Rf5+ Bxf5 26. Bxf5 Rac8 27.
Bxc8 d3 28. Bxa6 d2 29. Rd1 Bb4 30. Bxb5 Rc8 31. Bc4+ Nxc4 32. Kf2 Nb2 33. Rxd2
Bxd2 34. h3 Be3+ 0-1

[Event "AUTO-INT-2168"]
[Site "http://www.queenalice.com/game.php?id=997104"]
[Date "2011.10.13"]
[Round "1"]
[White "jld"]
[Black "tche_elvio"]
[Result "0-1"]
[WhiteElo "1605"]
[BlackElo "1533"]

1. d4 c5 2. d5 d6 3. e4 e6 4. c4 Be7 5. Qg4 g6 6. f4 Nf6 7. Qf3 exd5 8. cxd5 Bg4
9. Qd3 O-O 10. f5 Nh5 11. h3 Nf4 12. Qg3 Bh4 13. Qxh4 Qxh4+ 14. Kd2 Qf2+ 15. Kc3
Qd4+ 16. Kc2 Bd1# 0-1

[Event "AUTO-INT-2093"]
[Site "http://www.queenalice.com/game.php?id=997638"]
[Date "2011.10.15"]
[Round "2"]
[White "santiaguinoazul"]
[Black "jld"]
[Result "0-1"]
[WhiteElo "1663"]
[BlackElo "1558"]

1. e4 c5 2. Nc3 Nc6 3. Nf3 e5 4. Bc4 d6 5. Nd5 f5 6. d3 a6 7. Bg5 Nf6 8. Bxf6
gxf6 9. h4 b5 10. exf5 bxc4 11. dxc4 Bxf5 12. Qe2 Be6 13. a3 Rb8 14. O-O-O Bh6+
15. Ng5 fxg5 16. Qh5+ Kd7 17. Qxh6 gxh4 18. Qg7+ Kc8 19. f4 Rb7 20. Qh6 Nd4 21.
Rxd4 exd4 22. Qxe6+ Qd7 23. Ne7+ Kb8 24. Qf6 Re8 25. Nd5 Qd8 26. Rxh4 Qxf6 27.
Nxf6 Re1+ 28. Kd2 Rbe7 29. f5 R7e2+ 30. Kd3 Rxg2 31. Rxh7 Re3# 0-1

[Event "AUTO-INT-2093"]
[Site "http://www.queenalice.com/game.php?id=997639"]
[Date "2011.10.15"]
[Round "2"]
[White "jld"]
[Black "santiaguinoazul"]
[Result "0-1"]
[WhiteElo "1571"]
[BlackElo "1650"]

1. d4 d5 2. c4 Nf6 3. cxd5 Nxd5 4. e4 Nb6 5. d5 e5 6. f4 Bb4+ 7. Nc3 exf4 8.
Bxf4 c6 9. a3 Bxc3+ 10. bxc3 cxd5 11. Be5 Qh4+ 12. Bg3 Qxe4+ 13. Qe2 Qxe2+ 14.
Bxe2 O-O 15. Nf3 Re8 16. Kd2 Nc6 17. a4 Nc4+ 18. Bxc4 dxc4 19. Rhf1 Bg4 20. Ng5
f6 21. Nf3 Rad8+ 22. Kc2 Re2+ 23. Kc1 Rxg2 24. Rb1 Rd3 25. Rb2 Rxc3+ 26. Kb1
Bf5+ 27. Ka1 Ra3+ 0-1

[Event "AUTO-INT-2093"]
[Site "http://www.queenalice.com/game.php?id=997642"]
[Date "2011.10.15"]
[Round "2"]
[White "gabriellima"]
[Black "jld"]
[Result "1-0"]
[WhiteElo "1664"]
[BlackElo "1578"]

1. e4 c5 2. c3 Nc6 3. Nf3 d6 4. d4 b6 5. d5 Na5 6. b4 Nb7 7. a3 a5 8. Be2 axb4
9. O-O f5 10. exf5 Bxf5 11. Bb2 Nf6 12. cxb4 cxb4 13. axb4 Rxa1 14. Bxa1 Qa8 15.
Bxf6 gxf6 16. Nh4 Bg6 17. Bb5+ Kf7 18. Nxg6 hxg6 19. Bc6 g5 20. f4 Bh6 21. fxg5
Bxg5 22. Qg4 Kg7 23. Re1 Rh4 24. Rxe7+ Kf8 25. Qe6 Nd8 26. Re8+ Kg7 27. Qg8+ Kh6
28. Bxa8 Rxb4 29. Rxd8 Be3+ 30. Kf1 Rxb1+ 31. Ke2 Bc5 32. Qh8+ Kg5 33. Rg8+ Kf5
34. Qh5+ Ke4 35. Rg4# 1-0

[Event "AUTO-INT-2093"]
[Site "http://www.queenalice.com/game.php?id=997643"]
[Date "2011.10.15"]
[Round "2"]
[White "jld"]
[Black "gabriellima"]
[Result "0-1"]
[WhiteElo "1569"]
[BlackElo "1642"]

1. d4 Nf6 2. c4 e6 3. c5 Nc6 4. Nc3 d5 5. f3 Be7 6. e4 dxe4 7. fxe4 O-O 8. g4 e5
9. g5 Nd7 10. h4 Nxd4 11. Nf3 Nxf3+ 12. Qxf3 Bxc5 13. Bc4 Kh8 14. Bxf7 Qe7 15.
Rf1 Nb6 16. Nd5 Nxd5 17. exd5 e4 18. Qc3 e3 19. Ke2 b6 20. b4 Ba6+ 21. Ke1 Bxf1
22. bxc5 Qxf7 23. Bxe3 Qf3 24. Qd2 Rae8 0-1

[Event "AUTO-INT-2093"]
[Site "http://www.queenalice.com/game.php?id=997644"]
[Date "2011.10.15"]
[Round "2"]
[White "Dcar"]
[Black "jld"]
[Result "1-0"]
[WhiteElo "1716"]
[BlackElo "1564"]

1. Nf3 d5 2. d4 b6 3. g3 c5 4. Bg2 cxd4 5. Qxd4 Nc6 6. Qd2 a5 7. O-O e5 8. e3 e4
9. Nd4 Ne5 10. Nc3 Bd7 11. Nxd5 Nf6 12. Nxf6+ gxf6 13. Bxe4 Rc8 14. Bb7 Bc5 15.
Bxc8 Bxd4 16. Qe2 Bxc8 17. Rd1 Bg4 18. Qb5+ Bd7 19. Qe2 Bc5 20. b3 Ke7 21. Bb2
Bg4 22. Rxd8 Bxe2 23. Rxh8 Nf3+ 24. Kg2 Ne1+ 25. Rxe1 1-0

[Event "AUTO-INT-2093"]
[Site "http://www.queenalice.com/game.php?id=997645"]
[Date "2011.10.15"]
[Round "2"]
[White "jld"]
[Black "Dcar"]
[Result "1/2-1/2"]
[WhiteElo "1557"]
[BlackElo "1730"]

1. d4 d5 2. c4 Nf6 3. cxd5 Qxd5 4. Nc3 Qd6 5. e4 Qd8 6. f4 e6 7. e5 Nd5 8. Nxd5
Qxd5 9. Nf3 g6 10. Be3 Bg7 11. b3 O-O 12. Bc4 Qe4 13. Ke2 b6 14. Bd3 Ba6 15.
Bxa6 Nxa6 16. Qd3 Qb7 17. h4 Nb4 18. Qc4 Nc6 19. Rhc1 Na5 20. Qc3 Rac8 21. b4
Qa6+ 22. Qd3 Qxd3+ 1/2-1/2

[Event "OS INCLIVEIS"]
[Site "http://www.queenalice.com/game.php?id=1000690"]
[Date "2011.10.23"]
[Round "-"]
[White "adelio"]
[Black "jld"]
[Result "1-0"]
[WhiteElo "1637"]
[BlackElo "1583"]

1. d4 d5 2. e4 c6 3. Nc3 f5 4. e5 e6 5. Nf3 g5 6. Nxg5 h6 7. Qh5+ Kd7 8. Qf7+
Qe7 9. Qxe6+ Qxe6 10. Nxe6 Kxe6 11. Bf4 b5 12. Bd3 b4 13. Na4 h5 14. O-O a5 15.
Nc5+ Bxc5 16. dxc5 Na6 17. Be3 Kxe5 18. Rae1 Kf6 19. Bd4+ Kg6 20. Bxh8 Nxc5 21.
Re8 Nxd3 22. Rxg8+ Kh7 23. Re8 Nxb2 24. Bxb2 c5 25. Rfe1 Kh6 26. Rh8+ Kg6 27. h4
c4 28. Bc1 a4 29. Re7 Kf6 30. Bg5+ 1-0